Sociology of diaspora: a reader (Record no. 6015)

MARC details
000 -LEADER
fixed length control field 00510nam a2200169Ia 4500
020 ## - INTERNATIONAL STANDARD BOOK NUMBER
ISBN 8131600963
082 ## - DEWEY DECIMAL CLASSIFICATION NUMBER
Classification number RR 304.8 SOC-
245 #0 - TITLE STATEMENT
Title Sociology of diaspora: a reader
260 ## - PUBLICATION, DISTRIBUTION, ETC. (IMPRINT)
Place of publication Jaipur
Name of publisher Rawat Publications
Year of publication 2007
500 ## - GENERAL NOTE
General note contents: 2 vols. vol.1.(xxviii, 583p.) - v.2. (xxviii, 583-1015)
650 ## - SUBJECT ADDED ENTRY--TOPICAL TERM
Topical Term Emigration and immigration
Form subdivision Social aspects
650 ## - SUBJECT ADDED ENTRY--TOPICAL TERM
Topical Term South Asian diaspora
Form subdivision Social aspects
650 ## - SUBJECT ADDED ENTRY--TOPICAL TERM
Topical Term Sociology
700 ## - ADDED ENTRY--PERSONAL NAME
Personal name Sahoo, Ajaya Kumar
700 ## - ADDED ENTRY--PERSONAL NAME
Personal name Brij Maharaj
942 ## - ADDED ENTRY ELEMENTS (KOHA)
Koha item type Books
Holdings
Withdrawn status Lost status Damaged status Not for loan Home library Current library Date acquired Bill Date Full call number Accession Number Price effective from Koha item type
        NASSDOC Library NASSDOC Library 03/04/2008 2008-03-20 RR 304.8 SOC- 44258 18/04/2019 Books
        NASSDOC Library NASSDOC Library 03/04/2008 2008-03-20 RR 304.8 SOC- 44259 18/04/2019 Books